000 01612nam a22004217a 4500
001 000102209
003 CHAP
005 20220329143553.0
008 100610s2010 mx a r 00010 spa d
010 _a98672
011 _a99644
035 _a110330
040 _cCHAP
090 _aTesis
100 1 _aGutiérrez Ramírez, José Daniel.
_951809
245 1 0 _aEstudio de tres empresas agroindustriales, bajo criterios de FIRA Banco de México /
_c/por José Daniel Gutiérrez Ramírez.
260 _aChapingo, Méx. :
_bEl autor,
_c2010.
300 _a90 h. :
_bilus., cuadros.
502 _aTesis (Ing. Agroindustrial) -- UACH. Departamento de Ingeniería Agroindustrial
590 _aALEPH
_b10
_c20130110
_lUCH01
_h1534
590 _aBATCH-UPD
_b10
_c20130110
_lUCH01
_h1451
590 _aBATCH-UPD
_b10
_c20130410
_lUCH01
_h0918
590 _aBATCH-UPD
_b10
_c20130914
_lUCH01
_h1103
590 _aBATCH-UPD
_b10
_c20140324
_lUCH01
_h1517
590 _aBATCH-UPD
_b10
_c20141002
_lUCH01
_h0843
590 _aCONVERSION
_b10
_c20130109
_lUCH01
_h1354
590 _aE12093SGE
_b10
_c20130718
_lUCH01
_h0927
650 1 4 _aAgricultura
_xAspectos economicos
_zMexico.
_91312
650 1 4 _aCrédito agrícola
_zMéxico.
_929089
650 1 4 _aEmpresas campesinas.
_936652
650 1 4 _aIndustrias agrícolas
_xMéxico.
_957957
856 _3Finding aid
_uhttp://10.13.5.2/tesis/110330.pdf
_zTeclea aquí
901 _aBK
942 _cFOLL
942 _n0
949 _aTesis
_bBC
_cTES
_d33724002171652
_eTS2
_fc.2
_gDonaciØn
_h50743
_i110330
_sb
949 _aTesis
_bBC
_cTES
_d33724002171694
_eTS1
_gDonaciØn
_h50742
_i110330
_sb
999 _c98672
_d98672